|
|
|
|
| LEADER |
00876nam a22002651a 4500 |
| 001 |
000034348 |
| 003 |
10540 |
| 005 |
20151027132117.0 |
| 008 |
151027s2009 000 eng |
| 020 |
|
|
|a 9780194812078
|
| 041 |
|
|
|a eng
|
| 082 |
|
|
|a 420.83
|b SI-N
|2 Class Book
|
| 100 |
|
|
|a Simmons, Naimi
|
| 245 |
|
|
|a Family and Frends 1
|c Naimi Simmons
|n Class Book
|
| 260 |
|
|
|a OXFORD
|c 2009
|
| 300 |
|
|
|a 111p. : ill ; 30cm
|
| 650 |
|
|
|a Family and Frends 1, Family, Frends
|
| OWN |
|
|
|a LNN
|
| AVA |
|
|
|a UDN50
|b LNN
|d 420.83 SI-N
|e available
|t Error 5001 Not defined in file expand_doc_bib_avail.
|f 3
|g 0
|h N
|i 0
|k 1
|
| 999 |
|
|
|a From the UDN01
|
| AVA |
|
|
|a UDN50
|b LNN
|d 420.83 SI-N
|e available
|t Error 5001 Not defined in file expand_doc_bib_avail.
|f 3
|g 0
|h N
|i 0
|k 1
|
| TYP |
|
|
|a Monograph
|
| 980 |
|
|
|a Mạng thư viện Đại học Đà Nẵng
|